000 00283nam a22001337a 4500
008 170707b xxu||||| |||| 00| 0 eng d
020 _a9780880014427
041 _aeng
080 _a82
100 _a22
101 _aGJL
245 _aPROOFS & THEORIES
_cGLUCK,L
942 _2udc
_cBK
999 _c20023
_d20023